Quotes from the MCU - Statistics

General Stats
  • This quiz has been taken 729 times
  • The average score is 13 of 22
Answer Stats
Hint Answer % Correct
I am ___ ____. Iron Man
99%
Doth mother know you weareth her drapes? Iron Man
99%
Get lost, Squidward! Iron Man
99%
If you're nothing without the suit, then you shouldn't have it. Iron Man
99%
I tried to play ball with these assclowns! Tony Stark
99%
Let me just say, if aliens wind up implanting eggs in my chest or something and I eat one of you, I'm sorry. Spider Man
83%
I was born yesterday. Vision
77%
The price of freedom is high. Captain America
76%
I don't judge people on their worst mistakes. Black Widow
74%
I'm Mary Poppins, y'all! Yondu
71%
I am ____. Groot
65%
Did you bring me strawberries? Pepper
57%
I am ________. inevitable
56%
You're unbearably naive. Ultron
46%
I am ____ ____. Steve Rogers
33%
Hiya champ! How was school today? Hank Pym
26%
Renata, I wish you would have knocked. Alexander Pierce
24%
Carlo, I pardon you. You are officially pardoned... from life! Grandmaster
23%
Yes. That's what killing you means. Eitri
21%
That's not my bird. Ivan Vanko
21%
Call me young lady again, and I'm gonna put my foot in a place it's not supposed to be. Maria Rambeau
13%
Have you seen that before in a gift shop? The Ancient One
10%
No matching quizzes found
Score Distribution
Percent of People with Each Score
Percentile by Number Answered
Your Score History
You have not taken this quiz